Sociálny rozvoj v š.p. TESLA Orava - závod BSS (bytových sociálnych služieb) a jeho vplyv na plnenie hospodárskych výsledkov záverečná práca postgraduálneho štúdia

Salvato in:
Dettagli Bibliografici
Autore principale: Daňová, Mária
Ente Autore: Vysoká škola ekonomická v Bratislave
Altri autori: Nemec, Juraj
Natura: Libro
Lingua:slovacco
Pubblicazione: Bratislava 1990
Tags: Aggiungi Tag
Nessun Tag, puoi essere il primo ad aggiungerne!!

MARC

LEADER 00000nam a2200000 4500
001 c040717
005 20221215071523.5
041 0 |a slo 
044 |a SK 
245 1 0 |a Sociálny rozvoj v š.p. TESLA Orava - závod BSS (bytových sociálnych služieb) a jeho vplyv na plnenie hospodárskych výsledkov  |b záverečná práca postgraduálneho štúdia  |c Mária Daňová ; Ved. práce Juraj Nemec 
264 1 |a Bratislava  |c 1990 
300 |a 24 s. 
100 1 |a Daňová, Mária 
700 1 |a Nemec, Juraj 
710 2 |a Vysoká škola ekonomická v Bratislave